Countries Most Similar To Kuwait - Statistics

General Stats
  • This quiz has been taken 72 times
  • The average score is 16 of 20
Answer Stats
Rank Country Score % Correct
1 Qatar 87.3
96%
4 Oman 82.7
94%
5 Saudi Arabia 79.7
94%
2 Bahrain 86.2
92%
3 UAE 83.8
92%
14 Yemen 65.8
92%
8 Egypt 71
90%
7 Iraq 72.4
90%
17 Iran 60.8
88%
10 Syria 68
88%
6 Jordan 74.6
84%
9 Libya 70.7
82%
16 Morocco 64
82%
12 Algeria 66.2
80%
11 Lebanon 66.7
78%
20 Sudan 58.4
78%
13 Tunisia 66
78%
15 Palestine 64.9
66%
18 Mauritania 59.2
50%
19 Israel 59.2
48%
No matching quizzes found
Score Distribution
Percent of People with Each Score
Percentile by Number Answered
Your Score History
You have not taken this quiz